Responses for Show #4313 - Wednesday, May 7, 2003

2003 Tournament of Champions quarterfinal game 3.

Contestants

[<< previous game]

Mark Lee, a sales manager from Chicago, Illinois

Travis Troyer, a software engineer from Hereford, Maryland

Jill Bunzendahl Chimka, a speech and language pathologist from Washington, D.C.

[next game >>]

Jeopardy! Round responses

HEALTH & MEDICINE
SCRIPT TEASE
(Alex: I'm going to give you a quote & I want you to identify the film.)
BESTSELLERS
IT'LL TAKE AN ACT OF PARLIAMENT
(Alex: The British parliament, in this case.)
SHE'S A SAINT
"EAU", YEAH!
(Alex: Each correct response will end with the three letters, "E-A-U".)
    $200 6
(Mark: What is rubella?)

three-day measles

Mark
Triple Stumper
    $200 7
(Travis: What is "Miracle on 34th Street?")

It's A Wonderful Life

JillTravis
    $200 19
"Catch Me If You Can"

Mark
    $200 16
helmet

Jill
    $200 26
Joan of Arc

Mark
    $200 1
beau

Travis
    $400 8
anorexia

Travis
    $400 9
Gone with the Wind

Jill
    $400 20
"The Lovely Bones"

Mark
    $400 17
(Travis: What is Gaelic?)
....
(Bwrdd is pronounced "board".)

Welsh

Travis
Triple Stumper
    $400 27
lamb

Mark
    $400 2
chapeau

Travis
    $600 10
cholesterol

Jill
    $600 13
Dr. No

Jill
    $600 21
Hunter S. Thompson

Triple Stumper
    $600 18
child support

Travis
    $600 28
Scotland

Travis
    $600 3
(Travis: What is a portrait?)

tableau

Travis
Triple Stumper
    $800 11
blood pressure

Travis
    $800 14
Dr. Strangelove

Mark
    $800 22
"Nickel and Dimed"

Triple Stumper
    $800 23
cell phone

Mark
    $800 29
Saint Bernadette

Mark
    $800 4
flambeau

Triple Stumper
    $1000 12
osteoporosis

Travis
    $1,000 15
True Grit

Mark
    $1000 25
(Alex: We have a minute to go, Mark.)

Michael Chabon

Triple Stumper
    $1000 24
fur

Mark
    $1000 30
Mother Frances Xavier Cabrini

Travis
    $1000 5
Charles Guiteau

Travis

Scores at the first commercial break (after clue 15):

Jill Travis Mark
$1,800 $3,000 $1,600

Scores at the end of the Jeopardy! Round:

Jill Travis Mark
$2,000 $4,800 $5,400

Double Jeopardy! Round responses

EUROPEAN CITIES
'70s SITCOMS
AT A LOSS FOR WORLDS
DANGER PUNS
"C" IS FOR COOKING
DOGGY BAG
(Alex: You'll need one, I'm sure!)
    $400 18
Geneva

Travis
    $400 6
The Mary Tyler Moore Show

Travis
    $400 23
"Planet of the Apes"

Travis
    $400 16
they were complementary

Jill
    $400 11
cream cheese

Jill
    $400 1
dingo

Mark
    $800 19
Reykjavik, Iceland

Travis
    $800 7
Dwayne Schneider

Jill
    $800 24
Earth

Triple Stumper
    $800 17
Tony Gwynn

Travis
    $800 12
(Travis: What is bread pudding?)

corn pudding

Travis
Triple Stumper
    $800 2
Saint Bernards

Mark
    $1200 20
(Mark: What is Amsterdam?)

Antwerp, Belgium

Mark
Triple Stumper
    $1200 8
Chico and the Man

Travis
    $1200 25
(Alex: Less than a minute, Travis.)

"When Worlds Collide"

Triple Stumper
    $1200 28
their marbles (the Elgin Marbles)

Mark
    $1200 13
caraway seeds

Mark
    $1200 3
Old English Sheepdog

Jill
    $5,000 21
(Travis: What is Bucharest?)

Krakow/Cracow, Poland

Travis
    $1600 9
Sanford and Son

Mark
    $1600 26
Arrakis

Triple Stumper
    $1600 29
Rimbauds

Triple Stumper
    $1600 14
clarify

Jill
    $1,000 4
(Jill: What is a chihuahua?)

Mexican Hairless

Jill
    $2000 22
(Mark: What is Baden-Baden?)

Wiesbaden

Mark
Triple Stumper
    $2000 10
Arnie

Triple Stumper
    $2000 27
(Alex: Never heard of it either!)

Pern

Triple Stumper
    $2000 30
(Alex: That Clare Boothe Luce, she was a sharp lady!)

globaloney

Triple Stumper
    $2000 15
confectioner's sugar

Jill
    $2000 5
the shar-pei

Travis

Scores at the end of the Double Jeopardy! Round:

Jill Travis Mark
$7,400 $5,000 $7,400

Final Jeopardy! Round responses

FAMOUS ESTATES
TravisWhat is Monticello?
$2,401
MarkWhat is
$7,400
JillWhat is Mt. Vernon?
$7,000
Mount Vernon

Final scores:

Jill Travis Mark
$14,400 $2,599 $0
Automatic semifinalist 2nd place: $5,000 if eliminated 3rd place: $5,000 if eliminated

Game dynamics:

Coryat scores:

Jill Travis Mark
$8,400 $10,000 $7,400
11 R,
1 W
(including 1 DD)
16 R,
5 W
(including 1 DD)
14 R
(including 1 DD),
3 W

Combined Coryat: $25,800

[game clues] [game scores] [suggest correction]

Game tape date: 2003-03-18
The J! Archive is created by fans, for fans. Scraping, republication, monetization, and malicious use prohibited; this site may use cookies and collect identifying information. See terms. The Jeopardy! game show and all elements thereof, including but not limited to copyright and trademark thereto, are the property of Jeopardy Productions, Inc. and are protected under law. This website is not affiliated with, sponsored by, or operated by Jeopardy Productions, Inc. Join the discussion at JBoard.tv.